[Event "Mittelrhein Verbandsliga-W 16/17"]
[Site "Nordrheinwestfalen"]
[Date "2017.04.09"]
[Round "10.8"]
[White "Sarnecki, Ingo"]
[Black "Havenith, Julia"]
[Result "1/2-1/2"]
[WhiteElo "1565"]
[BlackElo "1604"]
[PlyCount "36"]
[EventDate "2016.09.11"]
[EventType "team-tourn"]
[EventRounds "11"]
[EventCountry "GER"]
[SourceTitle "EXT 2022"]
[Source "ChessBase"]
[SourceDate "2021.10.06"]
[SourceVersion "1"]
[SourceVersionDate "2021.10.06"]
[SourceQuality "1"]
[WhiteTeam "Bergheim"]
[BlackTeam "Wuerselen II"]
[WhiteTeamCountry "GER"]
[BlackTeamCountry "GER"]

1. d4 Nf6 2. Bg5 h6 3. Bxf6 exf6 4. e3 g6 5. Nf3 d6 6. Bd3 f5 7. 0-0 Bg7 8. Nbd2 Nd7 9. e4 f4 10. c3 0-0 11. Re1 g5 12. h3 Re8 13. Bb1 Nf8 14. Nh2 Qe7 15. Bc2 Ng6 16. Qh5 Qf6 17. Ng4 Bxg4 18. Qxg4 Qe6 1/2-1/2

[Event "Regionalliga SW 1617 (Women)"]
[Site "Germany"]
[Date "2017.03.26"]
[Round "5.3"]
[White "Holschuh, Luisa"]
[Black "Havenith, Julia"]
[Result "0-1"]
[WhiteElo "1341"]
[BlackElo "1604"]
[PlyCount "48"]
[EventDate "2016.10.23"]
[EventType "team-tourn"]
[EventRounds "5"]
[EventCountry "GER"]
[SourceTitle "EXT 2018"]
[Source "ChessBase"]
[SourceDate "2017.10.13"]
[SourceVersion "1"]
[SourceVersionDate "2017.10.13"]
[SourceQuality "1"]
[WhiteTeam "Riegelsberg (W)"]
[BlackTeam "Aachen DJK (W)"]
[WhiteTeamCountry "GER"]
[BlackTeamCountry "GER"]

1. e4 e5 2. Nc3 Nf6 3. f4 d5 4. fxe5 Nxe4 5. Qf3 Nxc3 6. Qxc3 Qh4+ 7. Kd1 Nc6 8. Nf3 Bg4 9. Be2 Qf2 10. Qb3 0-0-0 11. h3 Qxg2 12. Rh2 Qxh2 13. Nxh2 Bxe2+ 14. Ke1 Be7 15. c3 Bc4 16. Qc2 Bh4+ 17. Kd1 d4 18. Qf5+ Be6 19. Qe4 Bg3 20. Nf3 d3 21. Nd4 Nxe5 22. Qe3 Bh4 23. Nxe6 fxe6 24. Qxe5 Rhf8 0-1

[Event "GER-chT U14 Girls"]
[Site "Magdeburg"]
[Date "2013.12.28"]
[Round "3.1"]
[White "Waechter, Nathalie"]
[Black "Havenith, Julia"]
[Result "1-0"]
[WhiteElo "1803"]
[BlackElo "1451"]
[PlyCount "97"]
[EventDate "2013.12.27"]
[EventType "team-swiss"]
[EventRounds "4"]
[EventCountry "GER"]
[SourceTitle "EXT 2015"]
[Source "ChessBase"]
[SourceDate "2014.11.20"]
[SourceVersion "1"]
[SourceVersionDate "2014.11.20"]
[SourceQuality "1"]
[WhiteTeam "Harksheide"]
[BlackTeam "Solingen"]
[WhiteTeamCountry "GER"]
[BlackTeamCountry "GER"]

1. e4 e5 2. Nf3 Nc6 3. Bc4 Nf6 4. d3 Be7 5. c3 0-0 6. Nbd2 d6 7. 0-0 Bg4 8. h3 Bh5 9. Re1 Na5 10. Bb5 a6 11. Ba4 b5 12. Bc2 c5 13. Nf1 Nd7 14. Ng3 Bg6 15. d4 cxd4 16. cxd4 Rc8 17. a4 b4 18. Bd3 Qb6 19. Be3 Qb7 20. Qe2 Ra8 21. Rac1 b3 22. Bd2 Nc6 23. Bc3 Bd8 24. Bc4 Qb6 25. a5 Qb7 26. Bd5 Re8 27. dxe5 dxe5 28. Nxe5 Ndxe5 29. Bxe5 Rc8 30. Bc3 Bg5 31. Bd2 Bf6 32. Be3 Red8 33. Bb6 Rd7 34. e5 Rxd5 35. exf6 gxf6 36. Qg4 Rg5 37. Qa4 Bc2 38. Qf4 Kg7 39. Ne4 Bxe4 40. Qxe4 Re5 41. Qg4+ Rg5 42. Qf3 Rb5 43. Rc3 Qd7 44. Rd1 Qe6 45. Rdc1 Ne7 46. Bd4 Rxc3 47. Bxc3 Rf5 48. Qg4+ Rg5 49. Qxg5+ 1-0

[Event "Cologne Longerich op-B 12th"]
[Site "Cologne"]
[Date "2013.07.22"]
[Round "4"]
[White "Havenith, Julia"]
[Black "Jansen, Kurt"]
[Result "1-0"]
[WhiteElo "1407"]
[BlackElo "1460"]
[PlyCount "120"]
[EventDate "2013.07.19"]
[EventType "tourn"]
[EventRounds "5"]
[EventCountry "GER"]
[SourceTitle "EXT 2017"]
[Source "ChessBase"]
[SourceDate "2016.10.25"]
[SourceVersion "1"]
[SourceVersionDate "2016.10.25"]
[SourceQuality "1"]

1. e4 e6 2. d4 d5 3. Nd2 c5 4. exd5 Qxd5 5. Bb5+ Bd7 6. Bxd7+ Nxd7 7. Ndf3 Ngf6 8. Ne2 cxd4 9. Nexd4 e5 10. Qe2 Be7 11. Nf5 Bf8 12. Bf4 g6 13. Ng3 Bg7 14. 0-0 0-0 15. Rfd1 Qc5 16. Bg5 Rac8 17. c3 Rfe8 18. Ne4 Nxe4 19. Qxe4 Qc7 20. Ne1 Nc5 21. Qc2 Ne6 22. Be3 Qc6 23. Nd3 a5 24. Rac1 b5 25. Qb3 Qc4 26. Qxc4 bxc4 27. Ne1 e4 28. Rd5 Ra8 29. Nc2 Reb8 30. Na3 Rxb2 31. Nxc4 Rxa2 32. Kf1 Ra4 33. Nb6 Ra3 34. Nxa8 Bxc3 35. Rb5 Kg7 36. Bc5 Nxc5 37. Rxc5 Bd4 38. R5c4 Bb2 39. Rb1 Bc3 40. Rxe4 Bb4 41. Nb6 Ra2 42. Rc4 Bd2 43. Ra4 Rc2 44. Nc4 Bb4 45. Nxa5 Bc5 46. Rf4 f5 47. Nb7 Be7 48. h4 Kh6 49. Re1 Rc7 50. Rb1 Kg7 51. Na5 Rc5 52. Nc4 g5 53. hxg5 Bxg5 54. Rd4 Rc7 55. Nd6 Ra7 56. Rb7+ Rxb7 57. Nxb7 Kf6 58. f4 Bh6 59. Rd6+ Kg7 60. g3 Bxf4 1-0

[Event "Cologne Longerich op-B 12th"]
[Site "Cologne"]
[Date "2013.07.20"]
[Round "2"]
[White "Havenith, Julia"]
[Black "Stetefeldt, Mario"]
[Result "1/2-1/2"]
[WhiteElo "1407"]
[BlackElo "1656"]
[PlyCount "21"]
[EventDate "2013.07.19"]
[EventType "tourn"]
[EventRounds "5"]
[EventCountry "GER"]
[SourceTitle "EXT 2017"]
[Source "ChessBase"]
[SourceDate "2016.10.25"]
[SourceVersion "1"]
[SourceVersionDate "2016.10.25"]
[SourceQuality "1"]

1. e4 e6 2. d4 d5 3. Nd2 Nf6 4. Bd3 dxe4 5. Nxe4 Bd7 6. Nf3 Nxe4 7. Bxe4 Bc6 8. Bxc6+ Nxc6 9. 0-0 Be7 10. c3 Qd5 11. Bf4 1/2-1/2

[Event "Maastricht Limburg op-C 6th"]
[Site "Maastricht"]
[Date "2012.05.26"]
[Round "2"]
[White "Lammes, Pim"]
[Black "Havenith, Julia"]
[Result "1/2-1/2"]
[WhiteElo "1613"]
[BlackElo "1377"]
[PlyCount "48"]
[EventDate "2012.05.25"]
[EventType "swiss"]
[EventRounds "7"]
[EventCountry "NED"]
[SourceTitle "EXT 2013"]
[Source "ChessBase"]
[SourceDate "2012.11.22"]
[SourceVersion "1"]
[SourceVersionDate "2012.11.22"]
[SourceQuality "1"]

1. e4 e5 2. Nf3 Nc6 3. Nc3 Nf6 4. Bc4 Nxe4 5. Bxf7+ Kxf7 6. Nxe4 d5 7. Neg5+ Kf6 8. d3 h6 9. Qe2 Be7 10. Nh3 Qd6 11. Nh4 Kf7 12. Qf3+ Qf6 13. Qxf6+ Bxf6 14. Nf3 g5 15. Nhg1 g4 16. Nd2 Nb4 17. Kd1 c5 18. h3 gxh3 19. Nxh3 Rg8 20. g3 Rg6 21. a3 Nc6 22. Ng1 b6 23. Nb3 Kg7 24. Be3 d4 1/2-1/2